Statistiken für KVB Köln: Linie 1

Klicken Sie hier um das Quiz zu spielen!

Allgemein

  • Dieses Quiz wurde 376 mal gespielt
    (247 seit der letzten Aktualisierung)
  • Das Durchschnittsergebnis liegt bei 21 aus 37

Antwortstatistiken

Haltestelle% Korrekt
Neumarkt
97%
Heumarkt
95%
Weiden West
85%
Rudolfplatz
84%
Rheinenergie-Stadion
83%
Bahnhof Deutz/Messe
82%
Deutzer Freiheit
81%
Aachener Straße/Gürtel
78%
Bensberg
77%
Brück Mauspfad
70%
Junkersdorf
70%
Kalk Post
69%
Melaten
68%
Moltkestraße
66%
Kalk Kapelle
64%
Universitätsstraße
63%
Alter Militärring
60%
Weiden Zentrum
59%
Maarweg
58%
Refrath
56%
Deutz Fachhochschule
54%
Clarenbachstift
52%
Höhenberg Frankfurter Straße
50%
Merheim
50%
Eupener Straße
48%
Kalker Friedhof
43%
Bahnstraße
42%
Kölner Straße
40%
Fuldaer Straße
39%
Weiden Römergrab
38%
Flehbachstraße
35%
Lustheide
35%
Mohnweg
35%
Kippekausen
32%
Frankenforst
29%
Im Hoppenkamp
28%
Neuenweg
28%

Verteilung der Resultate

Perzentil nach korrekt beantworteten Fragen

Anzahl Personen mit jedem Resultat

Ihre Resultats-Entwicklung

Sie haben dieses Quiz seit der letzten Aktualisierung nicht gespielt